000 00758nam a22002417a 4500
003 OSt
005 20230925081840.0
008 221006b |||||||| |||| 00| 0 eng d
020 _a87b988183 0 9
040 _cLado V
082 _a702.813
_bJ54s
100 _91089
_aJensen, Soren
_eautor
245 _aSettlement/
260 _bRasmus Eckardt
_c2000
_aDinamarca
300 _c21x27cm
_a44p.
366 _espa
505 _tPresentación
650 _2Tesauro de Arte & Arquitectura
_aARTE
_9703
650 _2Tesauro de Arte & Arquitectura
_aCOLECCION
_9702
650 _2Tesauro de Arte & Arquitectura
_aINSTALACION
_9702
650 _2Tesauro de Arte & Arquitectura
_aARTE CONTEMPORANEO
_9703
942 _2ddc
_c1
_h702.813
_iJ54s
_n0
999 _c4369
_d4369